| Поле | Инд. | ПП | Название | Значение |
|---|---|---|---|---|
| Тип записи | a | |||
| Библиографический уровень | b | |||
| 001 | Контрольный номер | RU/IS/BASE/288956780 | ||
| 005 | Дата корректировки | 20220715140324.7 | ||
| 008 | Кодируемые данные | 20090226 | ||
| 040 | b | Код языка каталог. | rus | |
| e | Правила каталог. | PSBO | ||
| 041 | 0_ | a | Код языка текста | rus |
| 084 | a | Индекс другой классификации/Индекс ББК | 60.542.15 | |
| 100 | 1_ | a | Автор | Смирнов В. А. |
| q | Полное имя | Смирнов Владимир Алексеевич | ||
| 245 | 10 | a | Заглавие | Социальные проблемы молодежи российской провинции |
| 504 | a | Библиография | Библиогр. ссылки. - Примеч. | |
| 650 | 14 | a | Основная рубрика | социология |
| a | Основная рубрика | социология групп | ||
| 653 | 1_ | a | Ключевые слова | жилье |
| a | Ключевые слова | молодая семья | ||
| a | Ключевые слова | молодежь | ||
| a | Ключевые слова | образование | ||
| a | Ключевые слова | общество риска | ||
| a | Ключевые слова | постсоветское общество | ||
| a | Ключевые слова | провинциальная молодежь | ||
| a | Ключевые слова | работа | ||
| a | Ключевые слова | Россия | ||
| a | Ключевые слова | социально-экономические проблемы | ||
| a | Ключевые слова | социальные проблемы | ||
| a | Ключевые слова | социальные риски | ||
| a | Ключевые слова | социальный старт | ||
| a | Ключевые слова | социология молодежи | ||
| 773 | 08 | t | Заглавие источника | Вестник Московского университета. Серия 18, Социология и политология |
| d | Дата издания источника | 2008 | ||
| g | Прочая информация | № 2. - С. 15 - 28 : табл. | ||
| w | Контрольный № источника | RU/IS/BASE/286474427 | ||
| 901 | t | Тип документа | b |